[Event "Bundesliga 9495"]
[Site "Deutschland"]
[Date "1994.??.??"]
[Round "?.6"]
[White "Sandor, Christian"]
[Black "Troyke, Christian"]
[Result "1-0"]
[WhiteElo "2365"]
[BlackElo "2355"]
[PlyCount "119"]
[EventDate "1994.10.??"]
[EventType "team"]
[EventRounds "15"]
[EventCountry "GER"]
[SourceTitle "Bundesliga 9495"]
[Source "DeepChess"]
[SourceDate "2005.01.01"]
[SourceVersion "1"]
[SourceVersionDate "2005.01.01"]
[SourceQuality "1"]
[WhiteTeam "Muenchener SC 1836 e.V."]
[BlackTeam "SV Erfurt West 90"]
[WhiteTeamCountry "GER"]
[BlackTeamCountry "GER"]

1. e4 c5 2. Nf3 Nc6 3. d4 cxd4 4. Nxd4 g6 5. Nc3 Bg7 6. Be3 Nf6 7. Bc4 Qa5 8.
O-O O-O 9. Bb3 d6 10. Nd5 Re8 11. f3 Bd7 12. c3 Rac8 13. Qd2 Nxd5 14. exd5 Nxd4
15. Bxd4 Bxd4+ 16. Qxd4 Qc5 17. Rad1 Qxd4+ 18. Rxd4 Kg7 19. Re1 b5 20. Kf2 Rc7
21. Re3 Rb7 22. g4 g5 23. Kg3 Rb6 24. Rde4 Kf6 25. f4 h6 26. h4 gxh4+ 27. Kxh4
e5 28. dxe6 fxe6 29. Kh5 Rc6 30. f5 e5 31. Rg3 Rh8 32. Bd5 Rc7 33. Rd3 Be8+ 34.
Kh4 Rhh7 35. a4 a6 36. axb5 axb5 37. Rb4 Rhg7 38. Be4 Ke7 39. f6+ Kxf6 40.
Rxd6+ Ke7 41. Rxh6 Ra7 42. Bf5 Ra1 43. Re6+ Kf8 44. Rxe5 Rh1+ 45. Kg3 Bc6 46.
Re2 Rg1+ 47. Kf2 Rg2+ 48. Ke1 Re7 49. Rxe7 Kxe7 50. Kd1 Kd6 51. Rd4+ Ke5 52.
Rd2 Bf3+ 53. Kc2 Rg1 54. Kb3 Bxg4 55. Bxg4 Rxg4 56. Rd8 b4 57. cxb4 Ke6 58. Ka4
Ke7 59. Rd2 Re4 60. Ka5 1-0

[Event "Bundesliga 9495"]
[Site "Deutschland"]
[Date "1994.??.??"]
[Round "?.7"]
[White "Voekler, Bernd"]
[Black "Geisler, Fabian"]
[Result "1/2-1/2"]
[WhiteElo "2350"]
[BlackElo "2305"]
[PlyCount "42"]
[EventDate "1994.10.??"]
[EventType "team"]
[EventRounds "15"]
[EventCountry "GER"]
[SourceTitle "Bundesliga 9495"]
[Source "DeepChess"]
[SourceDate "2005.01.01"]
[SourceVersion "1"]
[SourceVersionDate "2005.01.01"]
[SourceQuality "1"]
[WhiteTeam "SV Erfurt West 90"]
[BlackTeam "Muenchener SC 1836 e.V."]
[WhiteTeamCountry "GER"]
[BlackTeamCountry "GER"]

1. e4 c5 2. Nf3 Nc6 3. d4 cxd4 4. Nxd4 Nf6 5. Nc3 e6 6. Ndb5 d6 7. Bf4 e5 8.
Bg5 a6 9. Na3 b5 10. Bxf6 gxf6 11. Nd5 Bg7 12. Bd3 Ne7 13. Nxe7 Qxe7 14. O-O
O-O 15. Qh5 f5 16. exf5 e4 17. Rae1 d5 18. c3 Rd8 19. Bb1 Rd6 20. Nc2 Rh6 21.
Qg4 Kh8 1/2-1/2

[Event "Bundesliga 9495"]
[Site "Deutschland"]
[Date "1994.??.??"]
[Round "?.8"]
[White "Steinbacher, Matthias"]
[Black "Machelett, Heiko"]
[Result "0-1"]
[WhiteElo "2380"]
[BlackElo "2240"]
[PlyCount "80"]
[EventDate "1994.10.??"]
[EventType "team"]
[EventRounds "15"]
[EventCountry "GER"]
[SourceTitle "Bundesliga 9495"]
[Source "DeepChess"]
[SourceDate "2005.01.01"]
[SourceVersion "1"]
[SourceVersionDate "2005.01.01"]
[SourceQuality "1"]
[WhiteTeam "Muenchener SC 1836 e.V."]
[BlackTeam "SV Erfurt West 90"]
[WhiteTeamCountry "GER"]
[BlackTeamCountry "GER"]

1. Nf3 Nf6 2. c4 g6 3. g3 Bg7 4. Bg2 O-O 5. O-O c6 6. Na3 d6 7. d3 Re8 8. b3 e5
9. Bb2 Na6 10. Nc2 Bg4 11. Ne3 Bd7 12. Nd2 Be6 13. Ne4 d5 14. cxd5 cxd5 15.
Nxf6+ Bxf6 16. Qd2 Bg7 17. Rac1 Bh6 18. f4 d4 19. Bxb7 dxe3 20. Qc3 Bh3 21.
Bxa6 Bxf1 22. Rxf1 Bg7 23. f5 Bf6 24. Qc6 Kg7 25. Bb5 Rh8 26. fxg6 hxg6 27. Qe4
Qe7 28. Bc6 Rad8 29. b4 Rh3 30. Qxe3 Rdh8 31. Rxf6 Kxf6 32. d4 Kg7 33. dxe5
Qxb4 34. Qc3 Qxc3 35. Bxc3 Rc8 36. e6+ f6 37. e7 Rhh8 38. e8=Q Rhxe8 39. Bxe8
Rxc3 40. Kf2 Ra3 0-1

[Event "Bundesliga 9495"]
[Site "Deutschland"]
[Date "1995.??.??"]
[Round "?.1"]
[White "Hertneck, Gerald"]
[Black "Horvath, Tamas"]
[Result "1/2-1/2"]
[WhiteElo "2595"]
[BlackElo "2410"]
[PlyCount "96"]
[EventDate "1994.10.??"]
[EventType "team"]
[EventRounds "15"]
[EventCountry "GER"]
[SourceTitle "Bundesliga 9495"]
[Source "DeepChess"]
[SourceDate "2005.01.01"]
[SourceVersion "1"]
[SourceVersionDate "2005.01.01"]
[SourceQuality "1"]
[WhiteTeam "Muenchener SC 1836 e.V."]
[BlackTeam "SV Tuebingen 1870 e.V."]
[WhiteTeamCountry "GER"]
[BlackTeamCountry "GER"]

1. d4 Nf6 2. Nf3 e6 3. c4 c5 4. d5 exd5 5. cxd5 d6 6. Nc3 g6 7. e4 Bg7 8. Be2
O-O 9. O-O Re8 10. Nd2 Na6 11. Re1 Nc7 12. a4 b6 13. f3 Nh5 14. Nc4 Ba6 15. Be3
f5 16. Qd2 Bxc4 17. Bxc4 Be5 18. Bg5 Bf6 19. Bxf6 Qxf6 20. exf5 gxf5 21. Bb5
Rxe1+ 22. Rxe1 Qd4+ 23. Qe3 Rf8 24. Bd7 Nf4 25. Qxd4 cxd4 26. Nb5 Nxb5 27. axb5
Rf7 28. Bc6 Kg7 29. b3 d3 30. Kf2 d2 31. Rd1 Nd3+ 32. Ke3 Nc1 33. Kxd2 Nxb3+
34. Kc3 Nc5 35. Re1 Kf6 36. Re8 Re7 37. Rf8+ Ke5 38. g3 Na4+ 39. Kb4 Nc5 40.
Kc4 Na4 41. f4+ Ke4 42. Rf6 Nc5 43. Rxd6 Ke3 44. Rd8 Re4+ 45. Kc3 Na4+ 46. Kb3
Kd2 47. Re8 Nc5+ 48. Ka3 Ra4+ 1/2-1/2

[Event "Bundesliga 9495"]
[Site "Deutschland"]
[Date "1995.??.??"]
[Round "?.2"]
[White "Kraut, Rainer"]
[Black "Stohl, Igor"]
[Result "1/2-1/2"]
[WhiteElo "2420"]
[BlackElo "2530"]
[PlyCount "72"]
[EventDate "1994.10.??"]
[EventType "team"]
[EventRounds "15"]
[EventCountry "GER"]
[SourceTitle "Bundesliga 9495"]
[Source "DeepChess"]
[SourceDate "2005.01.01"]
[SourceVersion "1"]
[SourceVersionDate "2005.01.01"]
[SourceQuality "1"]
[WhiteTeam "SV Tuebingen 1870 e.V."]
[BlackTeam "Muenchener SC 1836 e.V."]
[WhiteTeamCountry "GER"]
[BlackTeamCountry "GER"]

1. e4 c5 2. Nf3 d6 3. d4 cxd4 4. Qxd4 Nc6 5. Bb5 Bd7 6. Bxc6 Bxc6 7. Nc3 h6 8.
Qd3 Nf6 9. Nd4 g6 10. O-O Bg7 11. Nd5 Nxd5 12. exd5 Bxd5 13. Qb5+ Bc6 14. Nxc6
Qd7 15. Nxa7 Rxa7 16. Qd3 O-O 17. Be3 Ra4 18. c3 Rfa8 19. a3 d5 20. Rad1 e6 21.
Rfe1 Qc6 22. Qd2 Kh7 23. Qe2 Re4 24. f3 Rc4 25. Qf2 Rd8 26. Bd4 Bxd4 27. Rxd4
Kg7 28. Qe3 Qc7 29. f4 b5 30. Red1 Rc8 31. Kf2 Qe7 32. g3 Qf6 33. Kg2 Qf5 34.
R1d2 R8c7 35. Re2 Kg8 36. Red2 Kg7 1/2-1/2

[Event "Bundesliga 9495"]
[Site "Deutschland"]
[Date "1995.??.??"]
[Round "?.3"]
[White "Tischbierek, Raj"]
[Black "Palkovi, Jozsef"]
[Result "1/2-1/2"]
[WhiteElo "2520"]
[BlackElo "2420"]
[PlyCount "80"]
[EventDate "1994.10.??"]
[EventType "team"]
[EventRounds "15"]
[EventCountry "GER"]
[SourceTitle "Bundesliga 9495"]
[Source "DeepChess"]
[SourceDate "2005.01.01"]
[SourceVersion "1"]
[SourceVersionDate "2005.01.01"]
[SourceQuality "1"]
[WhiteTeam "Muenchener SC 1836 e.V."]
[BlackTeam "SV Tuebingen 1870 e.V."]
[WhiteTeamCountry "GER"]
[BlackTeamCountry "GER"]

1. e4 d5 2. exd5 Nf6 3. d4 Nxd5 4. Be2 g6 5. Nf3 Bg7 6. O-O O-O 7. Re1 Nc6 8.
c3 Bf5 9. Na3 a6 10. Nc4 b5 11. Nce5 Nxe5 12. Nxe5 Qd6 13. Bf3 Rad8 14. Nd3
Bxd3 15. Qxd3 c5 16. Bg5 h6 17. Bh4 Nf4 18. Qe4 g5 19. dxc5 Qxc5 20. Bg3 Nd3
21. Qxe7 Qxe7 22. Rxe7 Nxb2 23. h4 Na4 24. hxg5 hxg5 25. Be5 Rfe8 26. Rxe8+
Rxe8 27. Bxg7 Kxg7 28. c4 Rc8 29. cxb5 axb5 30. Bd5 Rc5 31. Bb3 Re5 32. Kf1 Nc5
33. Bc2 Ne4 34. g3 Kf6 35. Kg2 Nc3 36. Bb3 Re2 37. Rc1 Nxa2 38. Rc6+ Ke7 39.
Rc5 f6 40. Rxb5 Rb2 1/2-1/2

[Event "Bundesliga 9495"]
[Site "Deutschland"]
[Date "1995.??.??"]
[Round "?.4"]
[White "Zeller, Frank"]
[Black "Pezerovic, Edin"]
[Result "0-1"]
[WhiteElo "2350"]
[BlackElo "2400"]
[PlyCount "65"]
[EventDate "1994.10.??"]
[EventType "team"]
[EventRounds "15"]
[EventCountry "GER"]
[SourceTitle "Bundesliga 9495"]
[Source "DeepChess"]
[SourceDate "2005.01.01"]
[SourceVersion "1"]
[SourceVersionDate "2005.01.01"]
[SourceQuality "1"]
[WhiteTeam "SV Tuebingen 1870 e.V."]
[BlackTeam "Muenchener SC 1836 e.V."]
[WhiteTeamCountry "GER"]
[BlackTeamCountry "GER"]

1. e4 c6 2. d4 d5 3. e5 Bf5 4. Nf3 e6 5. Be2 Nd7 6. O-O h6 7. Nbd2 Bh7 8. c4
dxc4 9. Nxc4 Nb6 10. Na5 Rb8 11. Bd2 Ne7 12. b4 Ned5 13. Qb3 Be7 14. b5 c5 15.
Rac1 cxd4 16. Nxd4 O-O 17. Qg3 Kh8 18. Nab3 Ba3 19. Rcd1 Qe7 20. f4 Bb2 21. Kh1
Rbc8 22. f5 exf5 23. Bd3 Nc3 24. Rde1 Ne4 25. Bxe4 fxe4 26. Bf4 Nd5 27. Bc1 Rc3
28. Bxb2 Rxg3 29. hxg3 Qxe5 30. Ba1 Qh5+ 31. Kg1 Qg4 32. Nc5 f6 33. Nde6 $138
0-1

[Event "Bundesliga 9495"]
[Site "Deutschland"]
[Date "1995.??.??"]
[Round "?.5"]
[White "Sandor, Christian"]
[Black "Werner, Marc"]
[Result "1/2-1/2"]
[WhiteElo "2420"]
[BlackElo "2360"]
[PlyCount "44"]
[EventDate "1994.10.??"]
[EventType "team"]
[EventRounds "15"]
[EventCountry "GER"]
[SourceTitle "Bundesliga 9495"]
[Source "DeepChess"]
[SourceDate "2005.01.01"]
[SourceVersion "1"]
[SourceVersionDate "2005.01.01"]
[SourceQuality "1"]
[WhiteTeam "Muenchener SC 1836 e.V."]
[BlackTeam "SV Tuebingen 1870 e.V."]
[WhiteTeamCountry "GER"]
[BlackTeamCountry "GER"]

1. e4 c5 2. Nf3 d6 3. d4 cxd4 4. Nxd4 Nf6 5. Nc3 Nc6 6. Be3 Ng4 7. Bb5 Nxe3 8.
fxe3 Bd7 9. O-O e6 10. Bxc6 bxc6 11. Qf3 Qf6 12. Qe2 Qg5 13. Rf3 e5 14. Nxc6
Bxc6 15. Qc4 Kd7 16. Nd5 Bxd5 17. exd5 Rc8 18. Qa4+ Kd8 19. Qxa7 Be7 20. Rxf7
Rxc2 21. Qa8+ Rc8 22. Qa7 Rf8 1/2-1/2

[Event "Bundesliga 9495"]
[Site "Deutschland"]
[Date "1995.??.??"]
[Round "?.6"]
[White "Dutschak, Hauke"]
[Black "Reich, Thomas"]
[Result "1/2-1/2"]
[WhiteElo "2240"]
[BlackElo "2400"]
[PlyCount "124"]
[EventDate "1994.10.??"]
[EventType "team"]
[EventRounds "15"]
[EventCountry "GER"]
[SourceTitle "Bundesliga 9495"]
[Source "DeepChess"]
[SourceDate "2005.01.01"]
[SourceVersion "1"]
[SourceVersionDate "2005.01.01"]
[SourceQuality "1"]
[WhiteTeam "SV Tuebingen 1870 e.V."]
[BlackTeam "Muenchener SC 1836 e.V."]
[WhiteTeamCountry "GER"]
[BlackTeamCountry "GER"]

1. e4 c6 2. d4 g6 3. Bd3 Bg7 4. Nf3 d5 5. e5 Bg4 6. Nbd2 e6 7. O-O Nd7 8. Re1
h5 9. c4 Ne7 10. b3 Nf5 11. Qc2 Bh6 12. Bb2 Kf8 13. h3 Bxf3 14. Nxf3 Kg7 15.
Bc1 Nh4 16. Qe2 Nxf3+ 17. Qxf3 Bxc1 18. Raxc1 dxc4 19. bxc4 Nb6 20. Re4 Qe7 21.
Rf4 Rad8 22. Re1 Rhf8 23. Re3 c5 24. dxc5 Nd7 25. Qxb7 Qxc5 26. Be2 Nxe5 27.
Qb2 f6 28. Rfe4 Rd6 29. Kh1 Nf7 30. Rxe6 Rxe6 31. Rxe6 Qxf2 32. Qb7 h4 33. Re7
Qe1+ 34. Kh2 Kh6 35. Qxa7 Qg3+ 36. Kg1 Ne5 37. Qf2 Rb8 38. Qxf6 Qe3+ 39. Kh1
Rb1+ 40. Bf1 Nf3 41. Qf8+ Kg5 42. Qxf3 Qxe7 43. Qg4+ Kh6 44. Qf4+ g5 45. Qf2
Kg7 46. Qf5 Ra1 47. Qf2 Qf6 48. Kg1 Qxf2+ 49. Kxf2 Kf6 50. Be2 Rxa2 51. Ke3 Ke5
52. Bf3 Ra3+ 53. Ke2 Kf4 54. Bd5 Re3+ 55. Kd2 Re8 56. Kd3 Ke5 57. Ke3 Rf8 58.
Bf3 Rf4 59. Kd3 Rd4+ 60. Kc3 Rd8 61. c5 Rb8 62. c6 Kd6 1/2-1/2

[Event "Bundesliga 9495"]
[Site "Deutschland"]
[Date "1995.??.??"]
[Round "?.7"]
[White "Geisler, Fabian"]
[Black "Foessmeier, Ulrich"]
[Result "1-0"]
[WhiteElo "2310"]
[BlackElo "2310"]
[PlyCount "51"]
[EventDate "1994.10.??"]
[EventType "team"]
[EventRounds "15"]
[EventCountry "GER"]
[SourceTitle "Bundesliga 9495"]
[Source "DeepChess"]
[SourceDate "2005.01.01"]
[SourceVersion "1"]
[SourceVersionDate "2005.01.01"]
[SourceQuality "1"]
[WhiteTeam "Muenchener SC 1836 e.V."]
[BlackTeam "SV Tuebingen 1870 e.V."]
[WhiteTeamCountry "GER"]
[BlackTeamCountry "GER"]

1. e4 e5 2. Nf3 Nc6 3. Bb5 a6 4. Ba4 Nf6 5. O-O Nxe4 6. d4 b5 7. Bb3 d5 8. dxe5
Be6 9. c3 Bc5 10. Nbd2 O-O 11. Bc2 Bf5 12. Nb3 Bg6 13. Nfd4 Bxd4 14. cxd4 a5
15. Be3 a4 16. Nd2 f6 17. f4 fxe5 18. dxe5 Nxd2 19. Bxd2 Qd7 20. Bxg6 hxg6 21.
Qc2 Ne7 22. Bb4 g5 23. e6 Qd8 24. fxg5 Rxf1+ 25. Rxf1 Ra6 26. Qf2 1-0

[Event "Bundesliga 9495"]
[Site "Deutschland"]
[Date "1995.??.??"]
[Round "?.8"]
[White "Roth, Juergen"]
[Black "Steinbacher, Matthias"]
[Result "0-1"]
[WhiteElo "2235"]
[BlackElo "2345"]
[PlyCount "80"]
[EventDate "1994.10.??"]
[EventType "team"]
[EventRounds "15"]
[EventCountry "GER"]
[SourceTitle "Bundesliga 9495"]
[Source "DeepChess"]
[SourceDate "2005.01.01"]
[SourceVersion "1"]
[SourceVersionDate "2005.01.01"]
[SourceQuality "1"]
[WhiteTeam "SV Tuebingen 1870 e.V."]
[BlackTeam "Muenchener SC 1836 e.V."]
[WhiteTeamCountry "GER"]
[BlackTeamCountry "GER"]

1. g3 e5 2. Bg2 d5 3. d3 Nf6 4. Nf3 Bd6 5. O-O O-O 6. Nc3 c6 7. Re1 d4 8. Nb1
c5 9. e3 Nc6 10. Na3 dxe3 11. Bxe3 Nd5 12. Bd2 Nb6 13. Nb5 Bg4 14. h3 Bh5 15.
a4 a5 16. c3 Re8 17. Qb3 Bf8 18. Rad1 h6 19. Bc1 Re7 20. Rd2 Bg6 21. Qd1 Rd7
22. Nxe5 Nxe5 23. Rxe5 Bxd3 24. Bxb7 Nc4 25. Bxa8 Nxe5 26. Bg2 Nc4 27. Bc6 Nxd2
28. Bxd7 Qxd7 29. Qxd2 c4 30. Kh2 Bc5 31. Qf4 Bf1 32. g4 Qd5 33. Qg3 Be7 34.
Bf4 Bh4 35. Qg1 Qd3 36. Bg3 h5 37. gxh5 f5 38. Kh1 Qf3+ 39. Kh2 f4 40. Qxf1
fxg3+ 0-1

[Event "Bundesliga 9495"]
[Site "Deutschland"]
[Date "1994.??.??"]
[Round "?.2"]
[White "Unzicker, Wolfgang"]
[Black "Almasi, Zoltan"]
[Result "1-0"]
[WhiteElo "2430"]
[BlackElo "2620"]
[PlyCount "77"]
[EventDate "1994.10.??"]
[EventType "team"]
[EventRounds "15"]
[EventCountry "GER"]
[SourceTitle "Bundesliga 9495"]
[Source "DeepChess"]
[SourceDate "2005.01.01"]
[SourceVersion "1"]
[SourceVersionDate "2005.01.01"]
[SourceQuality "1"]
[WhiteTeam "PSV Turm Duisburg 1920 e.V."]
[BlackTeam "Post SV Dresden"]
[WhiteTeamCountry "GER"]
[BlackTeamCountry "GER"]

1. e4 e5 2. Nf3 Nc6 3. Bb5 a6 4. Ba4 Nf6 5. O-O Be7 6. Re1 b5 7. Bb3 d6 8. c3
O-O 9. h3 Bb7 10. d4 Re8 11. Ng5 Rf8 12. Nf3 Re8 13. Ng5 Rf8 14. Nf3 Nd7 15.
Nbd2 exd4 16. cxd4 Na5 17. Bc2 c5 18. d5 Bf6 19. Rb1 Re8 20. b3 Ne5 21. Nxe5
dxe5 22. a4 Bc8 23. Bd3 Bd7 24. Qe2 bxa4 25. bxa4 Bxa4 26. Bxa6 Qc7 27. Ba3 Bg5
28. Nf3 Be7 29. Bb5 Bxb5 30. Rxb5 Reb8 31. Reb1 Bd6 32. Nd2 Rxb5 33. Qxb5 Bf8
34. Qa4 Qc8 35. Bb2 Nb7 36. Qc6 Qxc6 37. dxc6 Nd8 38. c7 Nc6 39. Bxe5 1-0

[Event "Bundesliga 9495"]
[Site "Deutschland"]
[Date "1994.??.??"]
[Round "?.3"]
[White "Teske, Henrik"]
[Black "Espig, Lutz"]
[Result "1-0"]
[WhiteElo "2495"]
[BlackElo "2470"]
[PlyCount "147"]
[EventDate "1994.10.??"]
[EventType "team"]
[EventRounds "15"]
[EventCountry "GER"]
[SourceTitle "Bundesliga 9495"]
[Source "DeepChess"]
[SourceDate "2005.01.01"]
[SourceVersion "1"]
[SourceVersionDate "2005.01.01"]
[SourceQuality "1"]
[WhiteTeam "Post SV Dresden"]
[BlackTeam "PSV Turm Duisburg 1920 e.V."]
[WhiteTeamCountry "GER"]
[BlackTeamCountry "GER"]

1. d4 d5 2. Nf3 e6 3. c4 c5 4. cxd5 exd5 5. g3 Nc6 6. Bg2 Nf6 7. O-O Be7 8. Nc3
O-O 9. dxc5 Bxc5 10. Bg5 d4 11. Ne4 Be7 12. Bxf6 Bxf6 13. Qd2 Bf5 14. Nxf6+
Qxf6 15. Qf4 Rfe8 16. Nh4 Be4 17. Qxf6 gxf6 18. Nf3 Bd5 19. Rfd1 Rad8 20. Rd2
Ne5 21. Rad1 Nxf3+ 22. Bxf3 Bxf3 23. exf3 Re5 24. Rxd4 Rxd4 25. Rxd4 Re2 26.
Rb4 b6 27. Kg2 Kg7 28. a4 f5 29. Rb5 Kg6 30. b3 h5 31. Rd5 Rb2 32. Rd6+ Kg7 33.
Rd3 Kg6 34. h3 Rb1 35. g4 fxg4 36. fxg4 hxg4 37. hxg4 f5 38. Kf3 Kf6 39. gxf5
Kxf5 40. Ke3 Ke5 41. f3 Rb2 42. f4+ Kf5 43. Rd5+ Ke6 44. Rb5 Rb1 45. f5+ Kf6
46. Kd4 Rc1 47. Rd5 Ke7 48. Ke4 Re1+ 49. Kd3 Rc1 50. Rd4 Kf6 51. Rf4 Rc5 52.
Kd4 Rc1 53. Kd5 Rc5+ 54. Kd6 Rc3 55. b4 a6 56. Kd5 b5 57. a5 Rc1 58. Rh4 Kxf5
59. Rh6 Rc4 60. Rxa6 Rxb4 61. Rb6 Rb1 62. Kc5 Ke5 63. Rxb5 Rc1+ 64. Kb6+ Kd6
65. a6 Rc6+ 66. Kb7 Rc7+ 67. Kb8 Rd7 68. Rb6+ Kc5 69. Rh6 Rg7 70. a7 Rg8+ 71.
Kb7 Rg7+ 72. Ka6 Rg8 73. Rb6 Rh8 74. Rb5+ 1-0

[Event "Bundesliga 9495"]
[Site "Deutschland"]
[Date "1994.??.??"]
[Round "?.4"]
[White "Mohr, Stefan"]
[Black "Uhlmann, Wolfgang"]
[Result "0-1"]
[WhiteElo "2455"]
[BlackElo "2465"]
[PlyCount "60"]
[EventDate "1994.10.??"]
[EventType "team"]
[EventRounds "15"]
[EventCountry "GER"]
[SourceTitle "Bundesliga 9495"]
[Source "DeepChess"]
[SourceDate "2005.01.01"]
[SourceVersion "1"]
[SourceVersionDate "2005.01.01"]
[SourceQuality "1"]
[WhiteTeam "PSV Turm Duisburg 1920 e.V."]
[BlackTeam "Post SV Dresden"]
[WhiteTeamCountry "GER"]
[BlackTeamCountry "GER"]

1. d4 Nf6 2. c4 g6 3. Nc3 Bg7 4. e4 d6 5. Be2 O-O 6. Bg5 Na6 7. f4 c6 8. Nf3
Nc7 9. Qd2 d5 10. Bxf6 exf6 11. exd5 cxd5 12. c5 Bf5 13. O-O Be4 14. Rac1 Ne6
15. b4 f5 16. Nb5 Bh6 17. g3 g5 18. Ne5 gxf4 19. c6 bxc6 20. Rxc6 Qg5 21. Nxf7
Kxf7 22. Nd6+ Ke7 23. Nxe4 fxe4 24. b5 f3 25. Qb4+ Kf7 26. Qd6 Rae8 27. Bxf3
Kg8 28. Bg2 Qe3+ 29. Kh1 Rxf1+ 30. Bxf1 Qf3+ 0-1

[Event "Bundesliga 9495"]
[Site "Deutschland"]
[Date "1994.??.??"]
[Round "?.6"]
[White "Malich, Burkhard"]
[Black "Goldberg, Alexander"]
[Result "1/2-1/2"]
[WhiteElo "2415"]
[BlackElo "2405"]
[PlyCount "124"]
[EventDate "1994.10.??"]
[EventType "team"]
[EventRounds "15"]
[EventCountry "GER"]
[SourceTitle "Bundesliga 9495"]
[Source "DeepChess"]
[SourceDate "2005.01.01"]
[SourceVersion "1"]
[SourceVersionDate "2005.01.01"]
[SourceQuality "1"]
[WhiteTeam "PSV Turm Duisburg 1920 e.V."]
[BlackTeam "Post SV Dresden"]
[WhiteTeamCountry "GER"]
[BlackTeamCountry "GER"]

1. Nf3 Nf6 2. c4 b6 3. g3 Bb7 4. Bg2 e6 5. O-O Be7 6. b3 O-O 7. Bb2 c5 8. Nc3
d6 9. d4 cxd4 10. Nxd4 Bxg2 11. Kxg2 a6 12. e3 Qc8 13. f4 Ra7 14. Qf3 Rc7 15.
Rac1 Rd8 16. g4 Qb7 17. g5 Nfd7 18. h4 Qxf3+ 19. Kxf3 Nc6 20. Rfd1 Bf8 21. Nde2
Nc5 22. Ba3 Ne7 23. Rd2 Nf5 24. h5 d5 25. cxd5 Nxb3 26. axb3 Bxa3 27. Rcd1 Bb4
28. Rd3 Rcd7 29. e4 Ne7 30. Na2 Ba3 31. b4 exd5 32. e5 Bb2 33. Rb1 Bxe5 34.
fxe5 Nc6 35. Re3 Re7 36. Kf4 Rde8 37. Ng3 f6 38. gxf6 gxf6 39. e6 Rxe6 40. Rxe6
Rxe6 41. Nc3 Ne7 42. b5 axb5 43. Nxb5 Rc6 44. Ra1 Kf7 45. Ra7 Rc4+ 46. Ke3 Ke6
47. Rb7 Nc6 48. Ne2 Re4+ 49. Kd2 Na5 50. Nbd4+ Ke5 51. Rxh7 Nc4+ 52. Kc3 f5 53.
Rh6 Re3+ 54. Kb4 Ke4 55. Re6+ Kd3 56. Rxe3+ Kxe3 57. h6 Ne5 58. h7 Nf7 59. Kc3
b5 60. Kc2 f4 61. Kd1 Nh8 62. Nc2+ Ke4 1/2-1/2

[Event "Bundesliga 9495"]
[Site "Deutschland"]
[Date "1994.??.??"]
[Round "?.7"]
[White "Kaminski, Uwe"]
[Black "Himmel, Hansjoerg"]
[Result "1-0"]
[WhiteElo "2390"]
[BlackElo "2335"]
[PlyCount "95"]
[EventDate "1994.10.??"]
[EventType "team"]
[EventRounds "15"]
[EventCountry "GER"]
[SourceTitle "Bundesliga 9495"]
[Source "DeepChess"]
[SourceDate "2005.01.01"]
[SourceVersion "1"]
[SourceVersionDate "2005.01.01"]
[SourceQuality "1"]
[WhiteTeam "Post SV Dresden"]
[BlackTeam "PSV Turm Duisburg 1920 e.V."]
[WhiteTeamCountry "GER"]
[BlackTeamCountry "GER"]

1. e4 c5 2. Nf3 e6 3. d4 cxd4 4. Nxd4 a6 5. Bd3 Nf6 6. O-O d6 7. c4 Be7 8. Qe2
O-O 9. Nc3 Nbd7 10. b3 Re8 11. Bb2 Bf8 12. Rad1 Qc7 13. Rfe1 g6 14. Nf3 Ne5 15.
Bb1 Nh5 16. Qe3 Bd7 17. h3 Nxf3+ 18. Qxf3 Bc6 19. Ne2 Bg7 20. Nd4 e5 21. Nxc6
bxc6 22. c5 dxc5 23. Bd3 Nf4 24. Bc4 Ne6 25. Bxe6 Rxe6 26. Qc3 a5 27. Qxc5 a4
28. Re3 axb3 29. axb3 Rd8 30. Red3 Rxd3 31. Rxd3 Bf8 32. Qc2 Qa5 33. Kh2 Qb4
34. Rc3 c5 35. Bc1 f6 36. Be3 Kg7 37. Bxc5 Bxc5 38. Rxc5 Re7 39. Rc4 Qb6 40. b4
Ra7 41. g3 Rd7 42. Kg2 g5 43. Qc3 Qb7 44. Rc6 Kg6 45. Qc4 Kg7 46. b5 Rf7 47. b6
Qa8 48. Rc7 1-0

[Event "Bundesliga 9495"]
[Site "Deutschland"]
[Date "1994.??.??"]
[Round "?.8"]
[White "Kilian, Ralf"]
[Black "Andresen, Steffen"]
[Result "0-1"]
[WhiteElo "2226"]
[BlackElo "2395"]
[PlyCount "68"]
[EventDate "1994.10.??"]
[EventType "team"]
[EventRounds "15"]
[EventCountry "GER"]
[SourceTitle "Bundesliga 9495"]
[Source "DeepChess"]
[SourceDate "2005.01.01"]
[SourceVersion "1"]
[SourceVersionDate "2005.01.01"]
[SourceQuality "1"]
[WhiteTeam "PSV Turm Duisburg 1920 e.V."]
[BlackTeam "Post SV Dresden"]
[WhiteTeamCountry "GER"]
[BlackTeamCountry "GER"]

1. e4 c5 2. Nf3 Nc6 3. d4 cxd4 4. Nxd4 Nf6 5. Nc3 d6 6. Bc4 e6 7. Be3 a6 8. Qe2
Qc7 9. O-O-O Na5 10. Bd3 b5 11. g4 b4 12. Na4 Nd7 13. b3 Bb7 14. f4 Nc5 15.
Nxc5 dxc5 16. Nf3 c4 17. bxc4 Rc8 18. Nd2 Bc5 19. Rhf1 e5 20. Bxc5 Qxc5 21. Qf2
Qe7 22. f5 Rc6 23. h4 O-O 24. g5 f6 25. Rg1 Kh8 26. Rg3 Rc7 27. Rdg1 Rd8 28.
Qb6 Nc6 29. gxf6 gxf6 30. h5 b3 31. cxb3 Qa3+ 32. Kd1 Rcd7 33. Ke2 Qd6 34. Qe3
Nb4 0-1

[Event "Bundesliga 9495"]
[Site "Deutschland"]
[Date "1995.??.??"]
[Round "?.1"]
[White "Hracek, Zbynek"]
[Black "Khalifman, Alexander"]
[Result "1/2-1/2"]
[WhiteElo "2595"]
[BlackElo "2635"]
[PlyCount "52"]
[EventDate "1994.10.??"]
[EventType "team"]
[EventRounds "15"]
[EventCountry "GER"]
[SourceTitle "Bundesliga 9495"]
[Source "DeepChess"]
[SourceDate "2005.01.01"]
[SourceVersion "1"]
[SourceVersionDate "2005.01.01"]
[SourceQuality "1"]
[WhiteTeam "SAbt SV Werder Bremen"]
[BlackTeam "PSV Turm Duisburg 1920 e.V."]
[WhiteTeamCountry "GER"]
[BlackTeamCountry "GER"]

1. e4 c5 2. Nf3 Nc6 3. d4 cxd4 4. Nxd4 g6 5. c4 Nf6 6. Nc3 d6 7. Be2 Nxd4 8.
Qxd4 Bg7 9. Be3 O-O 10. Qd2 Be6 11. Rc1 Qa5 12. f3 Rfc8 13. b3 a6 14. a4 Nd7
15. Nd5 Qxd2+ 16. Kxd2 Bxd5 17. exd5 Nc5 18. Rb1 a5 19. Rhe1 Rc7 20. Bd3 b6 21.
f4 Rd7 22. h4 h5 23. Bxc5 bxc5 24. f5 Bh6+ 25. Kc2 g5 26. hxg5 Bxg5 1/2-1/2